Marine biology

Na minha lista:
Detalhes bibliográficos
Autor principal: Castro, Peter
Outros Autores: Huber, Michael E.
Formato: Livro
Idioma:English
Publicado em: New York McGraw-Hill 2010
Edição:8th ed.
Assuntos:
Tags: Adicionar Tag
Sem tags, seja o primeiro a adicionar uma tag!
Thư viện lưu trữ: Mạng thư viện Đại học Đà Nẵng
LEADER 01430nam a2200349 4500
001 000021393
003 17841
005 20150420100435.0
008 150420s2010 engsd
020 |a 0073524166 (hard copy : alk. paper)  |a 9780073524160 (hard copy : alk. paper)  |a 9780078936739 (student ed.)  |a 0071113029 (international student ed. : pbk.)  |a 007893673X (student ed.)  |a 9780071113021 (international student ed. : pbk.) 
041 0 |a eng 
082 1 4 |a 578.77|222  |b CA-P 
100 1 |a Castro, Peter 
245 1 0 |a Marine biology  |c Peter Castro, Michael E. Huber ; original artwork by William C. Ober and Claire W. Garrison 
250 |a 8th ed. 
260 |a New York  |b McGraw-Hill  |c 2010 
300 |a xvii, 461 p., [1] folded leaf  |b col. ill., col. maps  |c 29 cm. 
504 |a Includes bibliographical references and index. 
650 0 4 |a Marine biology  |v Textbooks 
653 |a Sinh học 
653 |a Sinh thái học 
700 1 |a Huber, Michael E. 
OWN |a LSP 
AVA |a UDN50  |b LSP  |d 578.77|222 CA-P  |e available  |t Error 5001 Not defined in file expand_doc_bib_avail.  |f 2  |g 0  |h N  |i 0  |k 1 
999 |a From the UDN01 
AVA |a UDN50  |b LSP  |d 578.77|222 CA-P  |e available  |t Error 5001 Not defined in file expand_doc_bib_avail.  |f 2  |g 0  |h N  |i 0  |k 1 
TYP |a Monograph 
TYP |a Printed language 
980 |a Mạng thư viện Đại học Đà Nẵng